Personnage aléatoire de Dragon Ball par image - Statistiques

Statistiques générales
  • Ce quiz a été pris 1 470 fois
    1 447 depuis la dernière actualisation
  • Le résultat moyen est 12 sur 20
Statistiques - réponses
Par images Réponse % Correct
Broly
98%
Freezer
98%
Son Goku
98%
Vegeta
98%
Cell
97%
Krillin
97%
C-17
96%
C-18
96%
Bulma
95%
Son Goten
95%
Trunks du Futur
95%
Black Goku
94%
Mr. Satan
94%
Son Gohan
94%
Son Gohan (grand-père)
94%
Yamcha
94%
Cell Jr.
93%
Beerus
92%
Chichi
92%
Cooler
92%
Piccolo Jr.
92%
C-16
91%
Dr. Gero
91%
Piccolo Daimaō
91%
Trunks
91%
Whis
91%
Tortue géniale
90%
Babidi
89%
Dendé
89%
Jiren
89%
Zen'ô
89%
Raditz
88%
Bardack
87%
Pan
87%
Shenron
87%
Majin Boo
85%
Oolong
84%
Dabra
83%
Le Roi Vegeta
83%
Mr. Popo
83%
Yajirobé
83%
Kaiō du Nord
82%
Videl
82%
Chaozu
81%
Kaiō Shin de l'Est
80%
Oob
80%
Ten Shin Han
80%
Nappa
79%
Champa
78%
Hit
77%
Tao Pai Pai
77%
C-19
76%
Kaiō de l'Est
76%
Karin
75%
Roi Cold
75%
Puerh
74%
Tapion
74%
Mai
73%
Bra
72%
Zamasu
72%
Ginyu
69%
Zabon
69%
Kaiō du Sud
68%
Baba la voyante
67%
Pilaf
67%
Spopovitch
67%
Janemba
66%
Nail
65%
Dodoria
64%
Le grand roi Enma
64%
Le Tout-Puissant
61%
Kaiō de l'Ouest
60%
Jaco
59%
Kibito
59%
Le Grand Prêtre
59%
Lunch
58%
Frost
57%
Kaiō Shin de l'Ouest
57%
Li Shenron
55%
Yam
53%
Slug
52%
Kaiō Shin du Sud
51%
Pui Pui
47%
Paragus
46%
Kaiō Shin du Nord
45%
Général Red
43%
Le Vieux Kaio Shin
43%
Monsieur Brief
43%
Table
43%
Monaka
42%
Jeese
39%
Nam
38%
Reacum
38%
Gowasu
37%
Grégory
36%
Polunga
36%
Colonel Black
34%
Gyumao
34%
Sélipa
34%
Garlic Jr.
33%
Sauzer
33%
To le carotteur
33%
Upa
32%
Béé
30%
Le Grand Doyen
25%
Towa
24%
Général Blue
22%
Dai Kaio
21%
Bubbles
20%
Dai Kaio Shin
20%
Cado
18%
Zangya
18%
Madame Brief
17%
Marron
17%
Hearts
15%
Magenta
15%
Tsuru Sennin
15%
Bora
12%
Abo
11%
Colonel Silver
8%
Rhumush
8%
Colonel Violet
7%
Muri
7%
Lucifer
6%
Piano
6%
Arbitre du Tenka Ichi Budokan
5%
Jewel
5%
Snow
5%
Umigame
5%
Raspberry
3%
Angela
2%
Chi Shenron
2%
Olivu
2%
Tsuno
0%
Aucun quiz correspondant
Distribution des résultats
% des personnes avec chaque résultat
Percentile par nombre de réponses
Votre historique - résultats
Vous n’avez pas pris ce quiz depuis la dernière actualisation